|
|
|
|
| LEADER |
01053nam a2200241 a 4500 |
| 001 |
00004226 |
| 008 |
100802s1988 ii abf 001 0 eng d |
| 040 |
|
|
|a AGL
|c AGL
|d BD-DhAAL
|
| 082 |
0 |
0 |
|a 638.2
|2 19
|
| 100 |
1 |
|
|a Narasimhanna, M. N.
|
| 245 |
1 |
0 |
|a Manual on silkworm egg production /
|c M.N. Narasimhanna.
|
| 250 |
|
|
|a 1st ed.
|
| 260 |
|
|
|a Bangalore :
|b Central Silk Board,
|c 1988.
|
| 300 |
|
|
|a 189, [5] p., [73] p. of plates :
|b ill., map ;
|c 22 cm.
|
| 504 |
|
|
|a Includes index.
|
| 541 |
1 |
|
|e 00004226
|
| 650 |
|
0 |
|a Silkworms
|z India.
|
| 650 |
|
0 |
|a Sericulture
|z India.
|
| 650 |
|
0 |
|a Seed crops
|z India.
|
| 852 |
4 |
|
|a Ayesha Abed Library
|j General shelf
|
| 999 |
|
|
|c 9387
|d 9387
|
| 952 |
|
|
|0 0
|1 0
|2 ddc
|4 0
|6 638_200000000000000_NAR_1988
|7 0
|9 12154
|a BRACUL
|b BRACUL
|c GEN
|d 2010-09-29
|g 0.00
|l 0
|o 638.2 NAR
|p 3010004226
|r 2010-09-29
|t 1
|w 2010-09-29
|y BK
|z Not price in Register
|
| 952 |
|
|
|0 0
|1 4
|2 ddc
|4 0
|6 638_200000000000000_NAR
|7 0
|9 23642
|a BRACUL
|b BRACUL
|c GEN
|d 2013-10-30
|g 0.00
|l 0
|o 638.2 NAR
|p 3010003953
|r 2013-10-30
|t 2
|w 2013-10-30
|y BK
|z Not price in Register
|x Koha Inventory 2020
|